| 000 | 00809cam a2200229 a 4500 | ||
|---|---|---|---|
| 999 |
_c1453 _d1453 |
||
| 001 | 3027037 | ||
| 003 | OSt | ||
| 005 | 20221229214634.0 | ||
| 008 | 020610s1990 enk 00011 eng | ||
| 020 | _a9780140340716 | ||
| 040 |
_aTML _beng _cTML _dKH8 |
||
| 041 | 0 | _aeng | |
| 082 | 0 | 0 | _a823.914 FIN |
| 100 | 1 | 0 |
_aFine, Anne. _eauthor |
| 245 | 1 | 0 |
_aGoggle-eyes _cAnne Fine. |
| 260 | 0 |
_aLondon _bPuffin Books _c1990. |
|
| 300 |
_a154 p _c20cm. |
||
| 520 | _aKitty Killin is not only a good story-teller, but also the world's great expert when it comes to mothers having new and unwanted boyfriends. Particularly when there's a danger they might turn into new and unwanted stepfathers. | ||
| 650 |
_2Children's stories _vJuvenile works |
||
| 651 | _2Mères de famille monoparentale Romans, | ||
| 942 |
_2ddc _cNFIC |
||